000 00462nam a22002057a 4500
003 OSt
005 20241024145000.0
008 241024b |||||||| |||| 00| 0 eng d
040 _cMRSPTU
041 _aENG
082 _a634.3
_bRA-K
100 _aRattanpal, Harinder Singh
245 _aKinnow
250 _a4th Ed.
260 _aLudhiana
_bPAU
_c2022
300 _a51
650 _aAgriculture
700 _aArora, Parshotam Kumar
942 _2ddc
_cBK
_n0
999 _c10372
_d10372